000 01134cam a22003131 4500
001 6421725
003 ARRUPE
005 20160927094314.0
008 770618s1932 be 000 0 eng
010 _a 34038565
035 _a(OCoLC)3051338
040 _aDLC
_cOC
_dDLC
041 1 _aeng
_hfre
042 _apremarc
050 0 0 _aBV5032
_b.T314 1932
100 1 _aTanquerey, Adolphe,
_d1854-1932.
_926199
240 1 0 _aPrécis de théologie ascétique et mystique.
_lEnglish
245 1 4 _aThe spiritual life;
_ba treatise on ascetical and mystical theology
_cby the Very Reverend Adolphe Tanquerey, translated by the Reverend Herman Branderis.
250 _a2d and rev. ed.
260 _aTournai (Belgium)
_bSociety of St. John the Evangelist, Desclée & co.,
_c1932.
300 _axlviii, 750, 21 p.
_c22 cm.
500 _a"No 680."
504 _aBibliography: p. [xvii]-xlviii.
650 0 _aAsceticism
_xCatholic Church.
_926182
650 0 _aMysticism
_xCatholic Church.
_92229
700 1 _aBranderis, Herman,
_d1893-
_etr.
_926200
906 _a7
_bcbc
_coclcrpl
_du
_encip
_f19
_gy-gencatlg
942 _2lcc
_cMONOGRAPH
999 _c125349
_d125349